Komory
Atlas peňazí sveta. Charakteristika ostrovného štátu Komory: štátne zriadenie, prírodné podmienky, hospodárstvo, menové informácie, história meny, história krajiny. Motívy komorských bankoviek.
Guardado en:
| Autor principal: | |
|---|---|
| Formato: | Capítulo de libro |
| Lenguaje: | eslovaco |
| Materias: | |
| Etiquetas: |
Sin Etiquetas, Sea el primero en etiquetar este registro!
|
MARC
| LEADER | 00000naa a2200000 4500 | ||
|---|---|---|---|
| 001 | r036645 | ||
| 005 | 20221129101856.7 | ||
| 041 | 0 | |a slo | |
| 044 | |a SK | ||
| 245 | 1 | 0 | |a Komory |c Gabriel Schlosser |
| 520 | |a Atlas peňazí sveta. Charakteristika ostrovného štátu Komory: štátne zriadenie, prírodné podmienky, hospodárstvo, menové informácie, história meny, história krajiny. Motívy komorských bankoviek. | ||
| 610 | 2 | 0 | |a mena |
| 610 | 2 | 0 | |a Komory |
| 610 | 2 | 0 | |a štát |
| 610 | 2 | 0 | |a hospodárstvo národné |
| 610 | 2 | 0 | |a história |
| 610 | 2 | 0 | |a podmienky prírodné |
| 610 | 2 | 0 | |a peniaze |
| 610 | 2 | 0 | |a bankovky |
| 610 | 2 | 0 | |a frank |
| 100 | 1 | |a Schlosser, Gabriel | |